Rap Albums by Synonym - Statistics

General Stats
  • This quiz has been taken 102 times
    93 since last reset
  • The average score is 6 of 20
Answer Stats
Hint Answer % Correct
A gentleman who couldn't finish his post-high school education The College Dropout
92%
Phone me if you can't find your way home Call Me If You Get Lost
81%
The Plans for a building The Blueprint
62%
Not anything was similar to what it used to be Nothing Was the Same
59%
Only fit for your viewing 4 Your Eyez Only
54%
Protagonists and Antagonists Heroes and Villains
54%
Homosapien on the non Planetary body adjacent to Earth Man on the Moon
38%
Aquatic Movements Swimming
30%
Country event where people do things such as ride bulls Rodeo
28%
Someone who has improved on his past self I Am > I Was
23%
Healing from a past incident Recovery
23%
Unclean Soda 2 DS2
19%
A Mix of Red and White Adhesive Pink Tape
18%
The second lack of rainfall Da Drought 2
11%
Perishing on fire Die Lit
9%
A very musically appealing navy The Melodic Blue
8%
Something that an angry antagonist would do Madvillainy
7%
Something that is too controversial to talk about Taboo
7%
Trying out new things to see if they work TESTING
7%
The anecdotes of all time The Forever Story
5%
No matching quizzes found
Score Distribution
Percent of People with Each Score
Percentile by Number Answered
Your Score History
You have not taken this quiz since the last reset